000 00454nam a2200181Ia 4500
005 20250423100142.0
008 250422s9999 xx 000 0 und d
020 _a0-07-03265-8
050 _aTA 405 .C8559/
100 _aCourtney , Thomas H.
245 0 _aMechanicals behavior of materials
260 _aNew York
260 _bMcgraw Hill Inc
260 _c1990
300 _a691 p
650 _aMaterials - Mechanical Properties
942 _cBK
999 _c32437
_d32437